| 000 | 01071nam a2200277Ia 4500 | ||
|---|---|---|---|
| 003 | OSt | ||
| 005 | 20221005110017.0 | ||
| 006 | a|||||r|||| 00| 0 | ||
| 007 | ta | ||
| 008 | 221004b |||||||| |||| 00| 0 hin d | ||
| 020 |
_a8126019131 (pbk) _c125 |
||
| 024 | _a93532 | ||
| 037 |
_b527, 19/03/2009, Vani Prakashan _cTextual |
||
| 040 |
_aCRL _cCRL _bhin |
||
| 041 |
_2hin _ahin |
||
| 082 | _aO15,1F00w, 152N2 | ||
| 100 | _aचटर्जी, सुनीति कुमार | ||
| 245 | 0 | _aजयदेव | |
| 246 | _aJayadeva | ||
| 260 |
_aनई दिल्ली _bसाहित्य अकादेमी भारत _c1992 |
||
| 300 |
_a63 पृ0 _ccm. |
||
| 490 | _aभारतीय साहित्य के निर्माता | ||
| 700 | _a कुशवाहा, आनन्द, अनु. | ||
| 942 |
_hO15,1F00w, 152N2 _cTEXL _2cc |
||
| 999 |
_c1017516 _d1017516 |
||